000 01917cam a22004334i 4500
003 PE-LiUPU
005 20250731183356.0
008 170418s2003 pe a rb 000 0 esp
020 _a9972720195
035 _a(Sirsi) a167444
040 _aPE-LiUPU
_bspa
_cPE-LiUPU
_erda
049 _aPRUA
082 0 4 _a729.01
_bM26
_223
100 1 _aMartínez Cendra, Francisco,
_d1962.,
_eautor.
245 1 0 _aHacia una arquitectura fractal /
_cFrancisco Martínez Cendra.
264 1 _aLima :
_bUniversidad de San Martín de Porres, Facultad de Ingeniería y Arquitectura,
_c2003
_e (Lima :
_fCrea Imagen).
300 _a170 páginas :
_bilustraciones ;
_c24 Centímetros.
336 _atext
_2rdacontent
337 _aunmediated
_2rdamedia
338 _avolume
_2rdacarrier
490 0 _aTextos universitarios
504 _aBibliografía : páginas 169-170.
505 0 _aIntroducción al tema -- La forma fractal -- Fractales y caos -- Conceptos sobre diseño de estructuras espaciales -- Arquitectura de los cuerpos poliedricos -- Reflexiones finales.
526 _aP158
526 _aP146
526 _aP17
526 _aP12
526 _aP06
650 0 4 _aArquitectura-
_xComposición, proporción, etc.
650 0 4 _aFractales.
650 0 4 _aGeometría en arquitectura.
710 1 _aUniversidad de San Martín de Porres (Lima).
_bFacultad de Ingeniería y Arquitectura.
910 _ajck
_bjvq
_cjck
_d20170418.
942 _2ddc
_cBOOK
949 _a729.01 M26
_wDEWEY
_c1
_i70723
_lCATALOGING
_mBUL
_p30.00
_r0
_sY
_tBOOK
_u18/04/17
_xINGENERIA
_PP06
_o.STAFF. Colección Ingeniería y Arquitectura
596 _a1
999 _a729.01 M26
_wLC
_c16185
_i70723
_d16185
_e2020-2-10
_f2021-11-10
_g4
_lCCODEBUL1
_mBUL
_n4
_p30.00
_q4
_r0
_sY
_tBOOK
_u2017-4-18
_xINGENIERIA
_PP06
_0COMPRA
_o.STAFF. Colección Ingeniería y Arquitectura
980 _81
_gALBERTO SANCHEZ Responsable de Automatización